Principles of electromechanical-energy conversion (Record no. 23169)

000 -LEADER
fixed length control field 00596nam a22002051 4500
001 - CONTROL NUMBER
control field 23169
003 - CONTROL NUMBER IDENTIFIER
control field BD-DhUET
008 - FIXED-LENGTH DATA ELEMENTS--GENERAL INFORMATION
fixed length control field 730301s1966 xx 000 0 eng
040 ## - CATALOGING SOURCE
Original cataloging agency DLC
Transcribing agency DLC
Modifying agency BD-DhUET
082 ## - DEWEY DECIMAL CLASSIFICATION NUMBER
Classification number 623.13
Item number MEI/1966
100 ## - MAIN ENTRY--PERSONAL NAME
Personal name Meisel, Jerome
245 10 - TITLE STATEMENT
Title Principles of electromechanical-energy conversion
250 ## - EDITION STATEMENT
Edition statement 1st ed.
260 ## - PUBLICATION, DISTRIBUTION, ETC. (IMPRINT)
Place of publication, distribution, etc. New York
Name of publisher, distributor, etc. McGraw-Hill
Date of publication, distribution, etc. 1966
300 ## - PHYSICAL DESCRIPTION
Extent xvii, 639p.
Other physical details ill.
490 ## - SERIES STATEMENT
Series statement McGraw-Hill electrical and electronic engineering series
504 ## - BIBLIOGRAPHY, ETC. NOTE
Bibliography, etc Includes bibliographies
650 #0 - SUBJECT ADDED ENTRY--TOPICAL TERM
Topical term or geographic name as entry element Mechinery: Electrical engineering
942 ## - ADDED ENTRY ELEMENTS (KOHA)
Koha item type General Book
Holdings
Sublocation or collection (holding branch) Shelving location Not for loan Koha item type Price effective from Damaged status Koha full call number Lost status Withdrawn status Piece designation (barcode) Source of classification or shelving scheme Date acquired Location (home branch) Koha date last seen Koha normalized classification for sorting Copy number
Central Library, BUETCirculation section General Book2015-05-03 623.13/MEI/1968  11878 2015-05-03Central Library, BUET2015-05-03623_130000000000000_MEI_19681
Central Library, BUETCirculation section General Book2015-05-03 623.13/MEI/1966  11877 2015-05-03Central Library, BUET2015-05-03623_130000000000000_MEI_19662
Central Library, BUETCirculation section General Book2015-05-03 623.13/MEI/1966  11875 2015-05-03Central Library, BUET2015-05-03623_130000000000000_MEI_19663
Central Library, BUETCirculation section General Book2015-05-03 623.13/MEI/1966  11438 2015-05-03Central Library, BUET2015-05-03623_130000000000000_MEI_19664
Central Library, BUETCirculation section General Book2015-05-03 623.13/MEI/1966  11876 2015-05-03Central Library, BUET2015-05-03623_130000000000000_MEI_19665
Central Library, BUETCirculation section General Book2015-05-03 623.13/MEI/1966  11437 2015-05-03Central Library, BUET2015-05-03623_130000000000000_MEI_19666
Central Library, BUETCirculation section General Book2015-05-03 623.13/MEI/1966  11879 2015-05-03Central Library, BUET2015-05-03623_130000000000000_MEI_19667
Central Library, BUETCirculation section General Book2015-05-03 623.13/MEI/1966  84929 2015-05-03Central Library, BUET2015-05-03623_130000000000000_MEI_19668
Central Library, BUETCirculation section General Book2015-05-07 623.13/MEI/1966  15539 2015-05-07Central Library, BUET2015-05-07623_130000000000000_MEI_19669
Central Library, BUETCirculation section General Book2015-07-12 623.13/MEI/1966  39251 2015-07-12Central Library, BUET2015-07-12623_130000000000000_MEI_196610